MARC

LEADER 00000nam2a2200000 4500
001 342678
005 20231102005458.0
035 |a (RuTPU)RU\TPU\book\371857 
035 |a RU\TPU\book\360208 
035 |a RU\TPU\book\360225 
090 |a 342678 
100 |a 20170713d1975 k y0rusy50 ca 
101 0 |a rus 
102 |a RU 
105 |a a z 001zy 
200 0 |a Вып. 3  |f под ред. С. С. Кумеева 
210 |d 1975 
215 |a 196 с.  |c ил. 
320 |a Библиография в конце статей 
461 1 |0 (RuTPU)RU\TPU\book\327547  |t Геология и полезные ископаемые Калмыцкой АССР  |o сборник статей  |f Калмыцкий государственный университет  |v Вып. 3  |d 1971-  
606 1 |a Геология  |2 stltpush  |3 (RuTPU)RU\TPU\subj\6095  |9 34054 
606 1 |a Месторождения полезных ископаемых  |x Геология  |2 stltpush  |3 (RuTPU)RU\TPU\subj\42231  |9 61918 
610 1 |a Калмыкия 
610 1 |a Прикаспий 
610 1 |a Калмыцкая АССР 
610 1 |a геологическое строение 
610 1 |a петрография 
610 1 |a глинистые породы 
610 1 |a Нижнее Поволжье 
610 1 |a минералогический состав 
610 1 |a соленакопление 
610 1 |a сейсмическая разведка 
610 1 |a нефтегазоносность 
610 1 |a палеогеография 
610 1 |a Северный Кавказ 
610 1 |a районирование 
610 1 |a газовые месторождения 
610 1 |a гидрогеология 
610 1 |a геотектоника 
610 1 |a биохимические процессы 
675 |a 55  |v 3 
675 |a 553  |v 3 
702 1 |a Кумеев  |b С. С.  |4 340 
801 1 |a RU  |b 63413507  |c 20190321 
801 2 |a RU  |b 63413507  |c 20210421  |g RCR 
942 |c BK